Business research methods. (6th ed.) (Record no. 77949)

MARC details
000 -LEADER
fixed length control field 01176nam a2200253 a 4500
008 - FIXED-LENGTH DATA ELEMENTS--GENERAL INFORMATION
fixed length control field 120416s1999 ||||||||||||||||| || u
020 ## - INTERNATIONAL STANDARD BOOK NUMBER
International Standard Book Number 0256239525
050 ## - LIBRARY OF CONGRESS CALL NUMBER
Classification number HD 30.4 Coo
100 ## - MAIN ENTRY--PERSONAL NAME
Personal name Cooper, Donald R
245 10 - TITLE STATEMENT
Title Business research methods. (6th ed.)
250 ## - EDITION STATEMENT
Edition statement 6th ed.
260 ## - PUBLICATION, DISTRIBUTION, ETC.
Place of publication, distribution, etc. New Delhi:
Name of publisher, distributor, etc. Tata McGraw-Hill
Date of publication, distribution, etc. 1999
300 ## - PHYSICAL DESCRIPTION
Extent xvi, 703 p. : ill.
350 ## -
-- 0.00
490 ## -
-- The Irwin/McGraw-Hill series, operations and decision sciences
490 ## -
-- Irwin/McGraw-Hill series in operations and decision sciences.
650 ## - SUBJECT ADDED ENTRY--TOPICAL TERM
Topical term or geographic name entry element INDUSTRIAL MANAGEMENT--RESEARCH
650 #0 - SUBJECT ADDED ENTRY--TOPICAL TERM
Topical term or geographic name entry element SOCIAL SCIENCES--RESEARCH
650 #0 - SUBJECT ADDED ENTRY--TOPICAL TERM
Topical term or geographic name entry element BUSINESS
700 ## - ADDED ENTRY--PERSONAL NAME
Personal name Schindler, Pamela S
995 ## -
-- BINDERY (DAMAGED)
-- 0.00
-- 732194
-- CBU-MAIN LIBRARY (Kitwe)
-- 1
-- 0.00
-- HD 30.4.E47 COO
-- 4
-- DAMAGED
-- May 23, 2006
-- 029642
-- Main Library Open Access Collection
995 ## -
-- MAIN LIBRARY OPEN ACCESS
-- 0.00
-- 732196
-- CBU-MAIN LIBRARY (Kitwe)
-- 2
-- 30.00
-- HD 30.4 COO
-- 2
-- LOST
-- 732196
-- Main Library Open Access Collection
995 ## -
-- BINDERY (DAMAGED)
-- 0.00
-- 732195
-- CBU-MAIN LIBRARY (Kitwe)
-- 1
-- 30.00
-- HD 30.4.E47 COO
-- 1
-- DAMAGED
-- 029643
-- Main Library Open Access Collection
999 ## -
-- 77949
-- 77949
Holdings
Withdrawn status Lost status Source of classification or shelving scheme Damaged status Not for loan Permanent Location Current Location Shelving location Date acquired Total Checkouts Full call number Barcode Date last seen Copy number Price effective from Koha item type
          CBU-MAIN LIBRARY, KITWE. CBU-MAIN LIBRARY, KITWE.   05/03/2023   HD 30.4 Coo 029642 05/03/2023 1 05/03/2023 MONOGRAPH
          CBU-MAIN LIBRARY, KITWE. CBU-MAIN LIBRARY, KITWE.   05/03/2023   HD 30.4 Coo 732196 05/03/2023 2 05/03/2023 MONOGRAPH
          CBU-MAIN LIBRARY, KITWE. CBU-MAIN LIBRARY, KITWE.   05/03/2023   HD 30.4 Coo 029643 05/03/2023 3 05/03/2023 MONOGRAPH